Xing Nhã, Đăm Di Hai bản trường ca Êđê và Giarai

Enregistré dans:
Détails bibliographiques
Autres auteurs: Y Điêng; (sưu tầm và dịch)
Format: Livre
Langue:Vietnamese
Publié: H. Văn hóa dân tộc 1978
Sujets:
Tags: Ajouter un tag
Pas de tags, Soyez le premier à ajouter un tag!
Thư viện lưu trữ: Mạng thư viện Đại học Đà Nẵng
LEADER 01097nam a2200337 4500
001 000005304
003 1448
005 20110815090845.0
008 110815s1978 viesd
020 |c 8000 
041 0 |a vie 
082 |a 895.92293  |b XIN 
245 0 |a Xing Nhã, Đăm Di  |b Hai bản trường ca Êđê và Giarai  |c Y Điêng; Y Ông; Kơ So Bơ Lêu 
260 |a H.  |b Văn hóa dân tộc  |c 1978 
300 |a 169 tr.  |c 19 cm 
653 |a Văn học Việt Nam 
653 |a Trường ca 
653 |a Êđê 
653 |a Gialai 
700 |a Y Điêng;  |e sưu tầm và dịch 
910 |a Thu Sương  |d 15/8/2011 
OWN |a LSP 
AVA |a UDN50  |b LSP  |d 895.92293 XIN  |e available  |t Error 5001 Not defined in file expand_doc_bib_avail.  |f 2  |g 1  |h N  |i 0  |k 1 
999 |a From the UDN01 
AVA |a UDN50  |b LSP  |d 895.92293 XIN  |e available  |t Error 5001 Not defined in file expand_doc_bib_avail.  |f 2  |g 1  |h N  |i 0  |k 1 
TYP |a Monograph 
TYP |a Printed language 
980 |a Mạng thư viện Đại học Đà Nẵng